000 01359cad a22002655a 4500
001 L159829
008 100415u20140410xxk g 000 0 eng d
020 _a9780580852473
035 _a(Sirsi) u159829
041 0 _aeng
110 _aBritish Standards Institution
_9130
245 0 4 _aSmart cities
_bGuide to the role of the planning and development process
_PD 8101:2014
_h[electronic resource]
260 _a[S.l.]
_bBSI
_c2014
520 _aProvides guidance on how the planning and implementation of developments and infrastructure projects can equip cities to benefit from smart technologies. The guide is relevant to major developments, infrastructure projects, refurbishment programmes and improvements to public spaces. It considers how each stage of the planning and development process could support smart city opportunities and sets out what needs to be done at each stage.
590 _aKA NTK
650 2 4 _aSMART CITIES
650 2 4 _aBIG DATA
650 2 4 _aOPEN DATA
650 2 4 _aInfrastructure
_96246
651 4 _aUnited Kingdom
_y
651 4 _aInternational
690 _aPlanning and development
_96259
856 4 0 _uhttps://eu-chinasmartcities.eu/sites/default/files/BSI%20guide%20to%20the%20role%20of%20the%20planning%20and%20development%20process.pdf
_zView the research free of charge at eu-chinasmartcities.eu
942 _n0
999 _c116133
_d116133